Fiscal decentralization in Europe in the context of social protection development
Európske skúsenosti s fiškálnou decentralizáciou v kontexte rozvoja sociálnej ochrany. Krajiny, ktoré uprednostnili organizáciu a finančné zabezpečenie sociálnej ochrany na miestnej úrovni. Analytická štúdia decentralizácie príjmov umožňujúca zistiť rozdiely v tvorbe rozpočtov obcí prostredníctvom p...
Gespeichert in:
| 1. Verfasser: | |
|---|---|
| Weitere Verfasser: | , , |
| Format: | Buchkapitel |
| Sprache: | Englisch |
| Schlagworte: | |
| Tags: |
Keine Tags, Fügen Sie das erste Tag hinzu!
|
MARC
| LEADER | 00000naa a2200000 4500 | ||
|---|---|---|---|
| 001 | 0257281 | ||
| 005 | 20190807074633.0 | ||
| 041 | 0 | |a eng | |
| 044 | |a UA | ||
| 245 | 1 | 0 | |a Fiscal decentralization in Europe in the context of social protection development |c Iryna Storonyanska, Iryna Hrynchyshyn, Andrii Dub, Ioan Horga |
| 520 | |a Európske skúsenosti s fiškálnou decentralizáciou v kontexte rozvoja sociálnej ochrany. Krajiny, ktoré uprednostnili organizáciu a finančné zabezpečenie sociálnej ochrany na miestnej úrovni. Analytická štúdia decentralizácie príjmov umožňujúca zistiť rozdiely v tvorbe rozpočtov obcí prostredníctvom presunu právomocí a finančných zdrojov na miestnu úroveň, ako aj rôzne prístupy pri určovaní zdrojov príjmov a finančnej vyrovnania. Dôležitosť miestnej úrovne pri financovaní výdavkov na sociálnu ochranu. | ||
| 610 | 2 | 0 | |a decentralizácia fiškálna |
| 610 | 2 | 0 | |a Európa |
| 610 | 2 | 0 | |a ochrana sociálna |
| 610 | 2 | 0 | |a zabezpečenie sociálne |
| 610 | 2 | 0 | |a správa miestna |
| 610 | 2 | 0 | |a zdroje finančné |
| 610 | 2 | 0 | |a obce |
| 610 | 2 | 0 | |a rozpočet miestny |
| 100 | 1 | |a Storonyanska, Iryna | |
| 700 | 1 | |a Hrynchyshyn, Iryna | |
| 700 | 1 | |a Dub, Andrii | |
| 700 | 1 | |a Horga, Ioan | |